Cesty k vyšší produktivitě. 1 Programy moderního průmyslového inženýrství

Pojem priemyselné inžinierstvo (PI). Jadrom klasického PI je meranie spotreby práce. Stratégia moderného PI je založená na podpore trvalého rozvoja produktivity v internej oblasti (pracovná kvalifikácia zamestnancov, organizačné systémy, meranie produktivity, analýza nákladov, zlepšovanie procesov)...

Descripción completa

Guardado en:
Detalles Bibliográficos
Autor principal: Vytlačil, M.
Otros Autores: Mašín, Ivan
Formato: Capítulo de libro
Lenguaje:checo
Materias:
Etiquetas: Agregar Etiqueta
Sin Etiquetas, Sea el primero en etiquetar este registro!

MARC

LEADER 00000naa a2200000 4500
001 r018521
005 20221205102250.8
041 0 |a cze 
044 |a CZ 
245 1 0 |a Cesty k vyšší produktivitě. 1  |b Programy moderního průmyslového inženýrství  |c M. Vytlačil, I. Mašín 
520 |a Pojem priemyselné inžinierstvo (PI). Jadrom klasického PI je meranie spotreby práce. Stratégia moderného PI je založená na podpore trvalého rozvoja produktivity v internej oblasti (pracovná kvalifikácia zamestnancov, organizačné systémy, meranie produktivity, analýza nákladov, zlepšovanie procesov) a externej oblasti (zvyšovanie produktivity v oblasti dodávateľských procesov). 
610 2 0 |a inžinierstvo priemyselné 
610 2 0 |a produktivita práce 
610 2 0 |a systémy počítačové 
610 2 0 |a programy počítačové 
610 2 0 |a meranie práce 
610 2 0 |a dodávatelia 
610 2 0 |a konkurencieschopnosť 
610 2 0 |a pojmy 
100 1 |a Vytlačil, M. 
700 1 |a Mašín, Ivan